The Rome statute of the international criminal court : A commentary
These volumes offer an opportunity to revisit the whole of international criminal law. It appraises the contribution made to international criminal law by post-World War II national criminal courts and tribunals, and it makes a critical assessment of the Rome Statute as a viable working tool for int...
Wedi'i Gadw mewn:
| Fformat: | Llyfr |
|---|---|
| Iaith: | Undetermined |
| Cyhoeddwyd: |
Oxford ; New York
Oxford University Press
2009
|
| Pynciau: | |
| Tagiau: |
Ychwanegu Tag
Dim Tagiau, Byddwch y cyntaf i dagio'r cofnod hwn!
|
| Thư viện lưu trữ: | Trung tâm Học liệu Trường Đại học Cần Thơ |
|---|
| LEADER | 00984nam a2200205Ia 4500 | ||
|---|---|---|---|
| 001 | CTU_152477 | ||
| 008 | 210402s9999 xx 000 0 und d | ||
| 020 | |c 89.57 | ||
| 082 | |a 341.77 | ||
| 082 | |b R763/Vol.1A | ||
| 245 | 4 | |a The Rome statute of the international criminal court : | |
| 245 | 2 | |b A commentary | |
| 245 | 0 | |c Edited by Antonio Cassese, Paola Gaeta, John R.W.D. Jones | |
| 260 | |a Oxford ; New York | ||
| 260 | |b Oxford University Press | ||
| 260 | |c 2009 | ||
| 520 | |a These volumes offer an opportunity to revisit the whole of international criminal law. It appraises the contribution made to international criminal law by post-World War II national criminal courts and tribunals, and it makes a critical assessment of the Rome Statute as a viable working tool for international criminal justice | ||
| 650 | |a International criminal courts,Tòa án tội phạm quốc tế | ||
| 904 | |i Nguyên | ||
| 980 | |a Trung tâm Học liệu Trường Đại học Cần Thơ | ||